000 00786cam a2200241 a 4500
005 20180312122244.0
008 141028s2004 mx ad fr 001 0 spa d
020 _a9701042972
040 _aCO-BoUCM
_bspa
_cJose A. Gerena
_dJose A. Gerena
041 0 _aspa
060 _aQT 34
100 1 _aParisi, Mario
_965642
245 1 0 _aTemas de biofísica
_cMario Parisi
260 _aMéxico D.F. (México)
_bMcGraw-Hill
_c2004
300 _axvii, 228 páginas
_bilustraciones, cuadros, gráficas
504 _aIncluye referencias bibliográficas e índices
650 7 _aBiofísica
_910107
650 7 _aEstadística médica
_914995
650 7 _aMedicina nuclear
_919171
690 _942818
_aFisiología
942 _2NLM
_a26
_cLIBRO
_e1
_hQT 34
_mP234
_n0
999 _c297460
_d297460